500 Artists by their Top Song - Statistics

General Stats
  • This quiz has been taken 519 times
  • The average score is 161 of 500
Answer Stats
Song Answer % Correct
Dancing Queen Abba
91%
In da Club 50 Cent
90%
California Gurls Katy Perry
88%
...Baby One More Time Britney Spears
87%
Hey Jude The Beatles
85%
Poker Face Lady Gaga
84%
Thriller Michael Jackson
84%
Back in Black AC/DC
83%
Crazy in Love Beyonce
83%
Grenade Bruno Mars
83%
Bohemian Rhapsody Queen
82%
Umbrella Rihanna
82%
Rehab Amy Winehouse
81%
Shape of You Ed Sheeran
79%
Like a Prayer Madonna
79%
Someone Like You Adele
78%
7 Rings Ariana Grande
78%
Goodbye Yellow Brick Road Elton John
77%
Blank Space Taylor Swift
77%
I Want It That Way Backstreet Boys
76%
Livin on a Prayer Bon Jovi
76%
Empire State of Mind Jay-Z
76%
Snap Yo Fingers Lil Jon
76%
I Gotta Feeling The Black Eyed Peas
76%
Talking Body Tove Lo
76%
F**k You Cee Lo Green
75%
My Heart Will Go On Celine Dion
75%
Tik Tok Kesha
75%
Yellow Coldplay
74%
Sexyback Justin Timberlake
73%
Girl on Fire Alicia Keys
72%
Bad Guy Billie Eilish
72%
American Idiot Green Day
72%
Blinding Lights The Weeknd
71%
Call Me Maybe Carly Rae Jepsen
70%
All for You Janet Jackson
70%
Espresso Sabrina Carpenter
70%
Paint It Black The Rolling Stones
70%
Africa Toto
70%
I Wanna Dance with Somebody (Who Loves Me) Whitney Houston
70%
Barbie GIrl Aqua
69%
Uptown Girl Billy Joel
68%
Take Me to Church Hozier
68%
Don't Stop Believin Journey
68%
Baby Justin Bieber
68%
Flowers Miley Cyrus
68%
Respect Aretha Franklin
67%
Girls Just Wanna Have Fun Cyndi Lauper
67%
Hollaback Girl Gwen Stefani
67%
Radioactive Imagine Dragons
67%
Creep Radiohead
67%
Complicated Avril Lavigne
66%
Havana Camila Cabello
66%
Royals Lorde
66%
Genie in a Bottle Christina Aguilera
65%
9 to 5 Dolly Parton
65%
Without Me Eminem
65%
Wake Me Up Avicii
64%
Fly Me to the Moon Frank Sinatra
64%
Thrift Shop Macklemore & Ryan Lewis
64%
All About That Bass Meghan Trainor
64%
Mr. Brightside The Killers
64%
Levitating Dua Lipa
63%
Can't Help Falling in Love Elvis Presley
63%
Fergalicious Fergie
63%
Somebody that I Used to Know Gotye
63%
Never Gonna Give You Up Rick Astley
63%
Gangsta's Paradise Coolio
62%
Space Oddity David Bowie
62%
Running Up That Hill Kate Bush
62%
Since U Been Gone Kelly Clarkson
62%
Stairway to Heaven Led Zeppelin
62%
Yeah! Usher
62%
Wake Me Up Before You Go-Go Wham!
62%
WAP Cardi B
61%
This is What You Came For Calvin Harris
60%
Seven Nation Army The White Stripes
60%
Iris Goo Goo Dolls
59%
All of Me John Legend
59%
Party Rock Anthem LMFAO
59%
Ice Ice Baby Vanilla Ice
59%
I Don't Wanna Miss a Thing Aerosmith
58%
As It Was Harry Styles
58%
Flashing Lights Kanye West
58%
Drivers License Olivia Rodrigo
58%
With or Without You U2
58%
Gettin Jiggy with It Will Smith
58%
Do I Wanna Know? Arctic Monkeys
57%
Believe Cher
57%
Around the World Daft Punk
57%
Sweet Dreams (Are Made of This) Eurythmics
57%
Feel Good Inc. Gorillaz
57%
Sugar Maroon 5
57%
Like a Rolling Stone Bob Dylan
56%
Three Little Birds Bob Marley
56%
Born to Run Bruce Springsteen
56%
Sweet Home Alabama Lynyrd Skynyrd
56%
You're So Vain Carly Simon
55%
Ring of Fire Johnny Cash
55%
Summertime Sadness Lana Del Rey
55%
My Own Worst Enemy Lit
55%
In the Air Tonight Phil Collins
55%
Superstition Stevie Wonder
55%
No Scrubs TLC
55%
Drops of Jupiter Train
55%
Nothin But a G Thang Snoop Dogg
54%
Everybody Wants to Rule the World Tears for Fears
54%
Linger The Cranberries
54%
Pompeii Bastille
53%
Call Me Blondie
53%
Airplanes B.o.B.
53%
Titanium David Guetta
53%
Everlong Foo Fighters
53%
ABC Jackson 5
53%
Fire and Rain James Taylor
53%
Not Like Us Kendrick Lamar
53%
In the End Linkin Park
53%
Uptown Funk Mark Ronson
53%
California Love Tupac
53%
Song 2 Blur
52%
On the Floor Jennifer Lopez
52%
I Love Rock N Roll Joan Jett & The Blackhearts
52%
London Calling The Clash
52%
California Dreamin The Mamas & The Papas
52%
All the Small Things blink-182
51%
Smoke on the Water Deep Purple
51%
Oh Sherrie Steve Perry
51%
House of the Rising Sun The Animals
51%
Town Called Malice The Jam
51%
Karma Chameleon Culture Club
50%
Low Flo Rida
50%
Bittersweet Symphony The Verve
50%
More Than a Feeling Boston
49%
Pour Some Sugar on Me Def Leppard
49%
California Girls The Beach Boys
49%
Fast Car Tracy Chapman
49%
Buddy Holly Weezer
49%
Industry Baby Lil Nas X
48%
Nothing Compares 2 U Sinead O'Connor
48%
Love Shack The B-52s
48%
Stressed Out Twenty One Pilots
48%
Price Tag Jessie J
47%
All Along the Watchtower Jimi Hendrix
47%
Take Me Home, Country Roads John Denver
47%
Bleedin Love Leona Lewis
47%
We Belong Together Mariah Carey
47%
Crank That (Soulja Boy) Soulja Boy Tell Em
47%
Jump Van Halen
47%
Smack That Akon
46%
Before He Cheats Carrie Underwood
46%
Paper Planes MIA
46%
Maria Maria Santana
46%
Free Fallin Tom Petty
46%
Good Luck, Babe Chappell Roan
45%
Boom Clap Charli XCX
45%
Ex's & Oh's Elle King
45%
Fight for Your Right Beastie Boys
44%
Everything I Do (I Do for You) Bryan Adams
44%
Have You Ever Seen the Rain? Creedence Clearwater Revival
44%
Landslide Fleetwood Mac
44%
Pumped Up Kicks Foster the People
44%
Mrs. Robinson Simon and Garfunkel
44%
Ho Hey The Lumineers
44%
You Oughta Know Alanis Morissette
43%
MMMBop Hanson
43%
Footloose Kenny Loggins
43%
Hypnotize The Notorious BIG
43%
My Generation The Who
43%
Here Alessia Cara
42%
Loser Beck
41%
Rasputin Boney M.
41%
Say So Doja Cat
41%
Fancy Iggy Azalea
41%
I Can't Get You Out of My Head Kylie Minogue
41%
Kill Bill SZA
41%
The Sign Ace of Base
40%
Heaven is a Place on Earth Belinda Carlisle
40%
It's Too Late Carole King
40%
Take Me Out Franz Ferdinand
40%
Smile Lily Allen
40%
All Night Long Lionel Richie
40%
Just Like Heaven The Cure
40%
Sharp Dressed Man ZZ Top
40%
At Last Etta James
39%
Barracuda Heart
39%
Lose You to Love Me Selena Gomez
39%
Cake By the Ocean DNCE
38%
Whatcha Say Jason Derulo
38%
The Gambler Kenny Rogers
38%
Tutti Frutti Little Richard
38%
Truth Hurts Lizzo
38%
The Bones Maren Morris
38%
Even Flow Pearl Jam
38%
Chop Suey! System of a Down
38%
Lola The Kinks
38%
Red, Red Wine UB40
38%
Attention Charlie Puth
37%
Tubthumping Chumbawamba
37%
I Love You Always Forever Donna Lewis
37%
Misery Business Paramore
37%
How to Save a Life The Fray
37%
Sugar We're Goin Down Fall Out Boy
36%
Some Nights fun
36%
Lovefool The Cardigans
36%
My Girl The Temptations
36%
Teenage Dirtbag Wheatus
36%
My Sweet Lord George Harrison
35%
Flashdance... What a Feeling Irene Cara
35%
Eternal Flame The Bangles
35%
Peggy Sue Buddy Holly
34%
Freak on a Leash Korn
34%
Haven't Met You Yet Michael Buble
34%
Baby Got Back Sir Mix a Lot
34%
Redbone Childish Gambino
33%
It Was a Good Day Ice Cube
33%
Family Affair Mary J Blige
33%
I Wanna Be Sedated Ramones
33%
Abracadabra Steve Miller Band
33%
There is a Light That Never Goes Out The Smiths
33%
The Way I Are Timbaland
33%
Black and Yellow Wiz Khalifa
33%
Gasolina Daddy Yankee
32%
Sandstorm Darude
32%
Lights Ellie Goulding
32%
That's All Genesis
32%
Need You Tonight INXS
32%
Sunshine of Your Love Cream
31%
Work from Home Fifth Harmony
31%
Jack & Diane John Cougar Mellencamp
31%
Ride Wit Me Nelly
31%
Love is a Battlefield Pat Benatar
31%
Dragula Rob Zombie
31%
Caribbean Queen Billy Ocean
30%
Bad Day Daniel Powter
30%
Without Me Halsey
30%
Walking on Sunshine Katrina and the Waves
30%
Alaska Maggie Rogers
30%
Bullet with Butterfly Wings Smashing Pumpkins
30%
Don't You Want Me The Human League
30%
A Thousand Miles Vanessa Carlton
30%
Everytime We Touch Cascada
29%
Rich Girl Daryl Hall & John Oates
29%
Stacy's Mom Fountains of Wayne
29%
White Rabbit Jefferson Airplane
29%
Jealous Nick Jonas
29%
The Power of Love Huey Lewis & The News
28%
Down Jay Sean
28%
Your Body is a Wonderland John Mayer
28%
Bette Davis Eyes Kim Carnes
28%
Need You Now Lady Antebellum
28%
Thot Shit Megan Thee Stallion
28%
Kids MGMT
28%
Stick Season Noah Kahan
28%
Burning Down the House Talking Heads
28%
#SELFIE The Chainsmokers
28%
Last Nite The Strokes
28%
Shut Up and Dance Walk the Moon
28%
Black Magic Little Mix
27%
I Ran (So Far Away) A Flock of Seagulls
26%
Jar of Hearts Christina Perri
26%
Trap Queen Fetty Wap
26%
abcdefu GAYLE
26%
The Middle Jimmy Eat World
26%
Day n Nite Kid Cudi
26%
Turn Turn Turn (To Everything There Is A Season) The Byrds
26%
One Week Barenaked Ladies
25%
Don't Dream It's Over Crowded House
25%
Mama Said Knock You Out LL Cool J
25%
Just What I Needed The Cars
25%
(They Long to Be) Close To You Carpenters
24%
This Kiss Faith Hill
24%
Celebrity Skin Hole
24%
Breaking the Law Judas Priest
24%
Strip that Down Liam Payne
24%
Thong Song Sisqo
24%
Two Princes Spin Doctors
24%
All the Things She Said tATu
24%
Dirty Little Secret The All-American Rejects
24%
Semi-Charmed Life Third Eye Blind
24%
Oklahoma Smokeshow Zach Bryan
24%
We Fell in Love in October girl in red
23%
Bulletproof La Roux
23%
That's My Kind of Night Luke Bryan
23%
Fade Into You Mazzy Star
23%
Rapper's Delight Sugarhill Gang
23%
End of Beginning Djo
22%
I Love It Icona Pop
22%
Ruby Kaiser Chiefs
22%
My Love Mine All Mine Mitski
22%
Dancing on My Own Robyn
22%
Kiss Me Six Pence None the Richer
22%
Chelsea Dagger The Fratellis
22%
There She Goes The La's
22%
Clarity Zedd
22%
Heat of the Moment Asia
21%
Sail AWOLNATION
21%
I Want You to Want Me Cheap Trick
21%
Feels Like the First Time Foreigner
21%
Virtual Insanity Jamiroquai
21%
Beautiful Soul Jesse McCartney
21%
Higher Love Steve Winwood
21%
Santeria Sublime
21%
Fat Lip Sum 41
21%
Whataya Want from Me Adam Lambert
20%
1985 Bowling for Soup
20%
No Air Jordin Sparks
20%
I Try Macy Gray
20%
Primadonna Marina and the Diamonds
20%
Truly Deeply Madly Savage Garden
20%
Informer Snow
20%
Ramblin Man The Allman Brothers Band
20%
Our Lips are Sealed The Go-Gos
20%
American Woman The Guess Who
20%
Time of the Season The Zombies
20%
Breakfast at Tiffany's Deep Blue Something
19%
Let Me Blow Ya Mind Eve
19%
Burnin Up Jonas Brothers
19%
Bangarang Skrillex
19%
Greedy Tate McRae
19%
A-Punk Vampire Weekend
19%
Werewolves of London Warren Zevon
19%
Maps Yeah Yeah Yeahs
19%
DDU-DU DDU-DU BlackPink
18%
I Like It Enrique Iglesias
18%
Bitch Meredith Brooks
18%
Float On Modest Mouse
18%
Somebody Else The 1975
18%
Mary on a Cross Ghost
17%
Bad Habit Steve Lacy
17%
Honey, I'm Good Andy Grammer
16%
Make Your Own Kind of Music Cass Elliot
16%
Ridin' Chamillionaire
16%
Want U Back Cher Lloyd
16%
One, Two Step Ciara
16%
Pony Ginuwine
16%
The Anthem Good Charlotte
16%
Been Caught Stealing Jane's Addiction
16%
Wide Open Spaces The Chicks
16%
Joy to the World Three Dog Night
16%
I Left My Heart in San Francisco Tony Bennett
16%
Hold On Wilson Phillips
16%
Dear Maria, Count Me In All Time Low
15%
Groove is in the Heart Deee-Lite
15%
Listen to the Music Doobie Brothers
15%
Unbelievable EMF
15%
Criminal Fiona Apple
15%
Tongue Tied Grouplove
15%
Black Horse and the Cherry Tree KT Tunstall
15%
Tom's Diner Suzanne Vega
15%
Sunday Morning The Velvet Underground
15%
Chicken Fried Zac Brown Band
15%
Aaron's Party (Come Get It) Aaron Carter
14%
I'm Shipping up to Boston Dropkick Murphys
14%
Pump It Up Elvis Costello
14%
Cruise Florida Georgia Line
14%
Green Green Grass George Ezra
14%
Walkin in Memphis Marc Cohn
14%
3 am Matchbox Twenty
14%
Short Skirt/Long Jacket CAKE
13%
Hey Jealousy Gin Blossoms
13%
Midnight Train to Georgia Gladys Knight & the Pips
13%
Southern Nights Glen Campbell
13%
Close to You Gracie Abrams
13%
Starving Hailee Steinfeld
13%
Come Clean Hilary Duff
13%
Leave (Get Out) JoJo
13%
Daft Punk is Playing at My House LCD Soundsystem
13%
Hanging by a Moment Lifehouse
13%
Do It Again Steely Dan
13%
If I Die Young The Band Perry
13%
Live Like You Were Dyin Tim McGraw
13%
Courtesy of the Red White and Blue Toby Keith
13%
My Band D12
12%
Congo Gloria Estefan
12%
You Were Meant for Me Jewel
12%
Why Can't I? Liz Phair
12%
My Chick Bad Ludacris
12%
Shake It Metro Station
12%
She's So High Tal Bachman
12%
Breathless The Corrs
12%
Ocean Avenue Yellowcard
12%
Foolish Ashanti
11%
Pieces of Me Ashlee Simpson
11%
Just a Friend Biz Markie
11%
Meet Me At Our Spot The ANXIETY, Willow, & Tyler Cole
11%
Prom Queen Beach Bunny
10%
Bubbly Colbie Caillat
10%
The Remedy (I Won't Worry) Jason Mraz
10%
Blue Ain't Your Color Keith Urban
10%
Stay (I Missed You) Lisa Loeb
10%
Here It Goes Again OK GO
10%
labour Paris Paloma
10%
Where Have All the Cowboys Gone Paula Cole
10%
Bless the Broken Road Rascal Flatts
10%
Check Yes Juliet We the Kings
10%
Miss Murder AFI
9%
Cherry-Coloured Funk Cocteau Twins
9%
Boo'd Up Ella Mai
9%
Closer to Fine Indigo Girls
9%
Fly Sugar Ray
9%
Please Mr. Postman The Marvelettes
9%
Party Hard Andrew WK
8%
Not Strong Enough boygenius
8%
Ungodly Hour Chloe x Halle
8%
What It Is Doechii
8%
I Don't Want to Be Gavin DeGraw
8%
Tonight Tonight Hot Chelle Rae
8%
With You Jessica Simpson
8%
Be My Lover La Bouche
8%
Girl Crush Little Big Town
8%
My Type Saweetie
8%
Damn I Wish I Was Your Lover Sophie B Hawkins
8%
The Kill Thirty Seconds to Mars
8%
YOUTH Troye Sivan
8%
Good Girls Go Bad Cobra Starship
7%
American Teenager Ethel Cain
7%
Ooh La La Faces
7%
The King of Wishful Thinking Go West
7%
The Wire HAIM
7%
Girls Like Girls Hayley Kiyoko
7%
Sunday Mornin Comin Down Kris Kristofferson
7%
Forget About Us Perrie Edwards
7%
Twin Sized Mattress The Front Bottoms
7%
Can't Stand Me Now The Libertines
7%
Untouched The Veronicas
7%
Greek Tragedy The Wombats
7%
All Your'n Tyler Childers
7%
Hurricane Bridgit Mendler
6%
So Hot You're Hurting My Feelings Caroline Polachek
6%
High Horse Kacey Musgraves
6%
Pretty Girl Rock Keri Hilson
6%
Deceptacon Le Tigre
6%
Mama Tried Merle Haggard
6%
I Wish Skee-Lo
6%
The Great Escape Boys Like Girls
5%
Dip It Low Christina Milian
5%
The Way Fastball
5%
Summer Girls LFO
5%
Lip Gloss Lil Mama
5%
Still the One Orleans
5%
Sunny Came Home Shawn Colvin
5%
Here's Where the Story Ends The Sundays
5%
The Promise When in Rome
5%
Breathe (2 AM) Anna Nalick
4%
Teach Me How to Dougie Cali Swag District
4%
Hang Me Up to Dry Cold War Kids
4%
Shimmer Fuel
4%
Here (In Your Arms) Hellogoodbye
4%
Bandages Hot Hot Heat
4%
Amie Pure Prairie League
4%
Pretty Girls Renee Rapp
4%
MakeDamnSure Taking Back Sunday
4%
The Taste of Ink The Used
4%
If It Means a Lot to You A Day to Remember
3%
Daisy Ashnikko
3%
Bouncing Off the Ceiling (Upside Down) A Teens
3%
Back Here BBMak
3%
Body Do Chloe
3%
Vindicated Dashboard Confessional
3%
Home Daughtry
3%
My Silver Lining First Aid Kit
3%
All Around Me Flyleaf
3%
The Way I Am Ingrid Michaelson
3%
Pynk Janelle Monae
3%
Touch-Tone Telephone Lemon Demon
3%
Jamie All Over Mayday Parade
3%
God is a Freak Peach PRC
3%
Soup Remi Wolf
3%
XS Rina Sawayama
3%
Christmas Kids Roar
3%
The Underdog Spoon
3%
Could Have Been Me The Struts
3%
Salt Shaker Ying Yang Twins
3%
Mercy Me Alkaline Trio
2%
Situations Escape the Fate
2%
I Get Off Halestorm
2%
Dark Blue Jack's Mannequin
2%
Angel of My Dreams Jade Thirlwall
2%
Slow Motion Juvenile
2%
All You Wanted Michelle Branch
2%
Stay Sugarland
2%
About a Girl The Academy Is...
2%
Just the Girl The Click Five
2%
Best of Me The Starting Line
2%
On My Mama Victoria Monet
2%
You Wish Flyana Boss
1%
Homecoming Hey Monday
1%
*Equip Sunglasses* Hot Mulligan
1%
I'm Alright Jo Dee Messina
1%
My Love Leigh-Anne Pinnock
1%
Don't Say You Love Me M2M
1%
Wonder Natalie Merchant
1%
There's a Honey Pale Waves
1%
Never Need Me Rachel Chinouriri
1%
Silver Lining Rilo Kiley
1%
Girl Next Door Saving Jane
1%
In Dreams Sierra Ferrell
1%
Girls Do What they Want The Maine
1%
Came Out Swinging The Wonder Years
1%
Over Again Negative 25
0%
No matching quizzes found
Score Distribution
Percent of People with Each Score
Percentile by Number Answered
Your Score History
You have not taken this quiz